MARC

LEADER 00000nam0a2200000 4500
001 277706
005 20231101235036.0
020 |a RU  |b 86-14073 
035 |a (RuTPU)RU\TPU\book\300983 
090 |a 277706 
100 |a 20141205d1986 k y0rusy5003 ca 
101 0 |a rus 
102 |a RU 
105 |a a z 001zy 
200 1 |a Расчет хладостойкости элементов конструкций  |f В. Р. Кузьмин  |g Академия наук СССР (АН СССР), Сибирское отделение (СО), Якутский филиал (ЯФ), Институт физико-технических проблем Севера 
210 |a Новосибирск  |c Наука  |d 1986 
215 |a 145 с.  |c ил. 
320 |a Библиогр.: с. 138-143 (107 назв.) 
606 1 |a Машиностроительные конструкции  |x Физико-механические свойства при высоких температурах  |2 stltpush  |3 (RuTPU)RU\TPU\subj\41657  |9 61444 
610 1 |a физико-механические свойства 
610 1 |a хладостойкость 
610 1 |a элементы 
610 1 |a деформации 
610 1 |a разрушение 
610 1 |a упругопластические деформации 
675 |a 621.01:53  |z rus  |v 4 
700 1 |a Кузьмин  |b В. Р.  |4 070 
712 0 2 |a Академия наук СССР (АН СССР)  |b Сибирское отделение (СО)  |b Якутский филиал (ЯФ)  |b Институт физико-технических проблем Севера  |2 stltpush  |3 (RuTPU)RU\TPU\col\6086 
801 0 |a RU  |b RuMRKP  |c 19950704  |g psbo 
801 1 |a RU  |b 63413507  |c 20141205 
801 2 |a RU  |b 63413507  |c 20220118  |g RCR 
942 |c BK